000 00208nam a22000857a 4500
001 1235199
005 20250930111434.0
245 _aSAVAŞ VE BAŞARI
_cBRIGITTE LABBE
260 _bGÜNIŞIĞI KİTAPLIĞI YAYINLARI
999 _c1235199
_d1235199